Countries that Start with C - Shape Quiz - Statistics

General Stats
  • This quiz has been taken 99,733 times
    88,535 since last reset
  • The average score is 11 of 15
Answer Stats
Picture Answer % Correct
Canada
99%
Chile
98%
China
96%
Croatia
89%
Cyprus
89%
Cuba
85%
Chad
79%
Colombia
66%
Czech Republic
66%
Cameroon
64%
Comoros
62%
Costa Rica
57%
Cambodia
55%
Cape Verde
53%
Central African Republic
49%
No matching quizzes found
Score Distribution
Percent of People with Each Score
Percentile by Number Answered
Your Score History
You have not taken this quiz since the last reset